| 000 | 00461nam a22001937a 4500 | ||
|---|---|---|---|
| 003 | MPLRDC | ||
| 005 | 20220104113917.0 | ||
| 008 | 210129b ||||| |||| 00| 0 eng d | ||
| 020 | _a957-560-006-1 | ||
| 082 | _a848.2 LQX v.2 | ||
| 100 | _a林清玄著 | ||
| 245 |
_a永生的凤凰 _c |
||
| 250 | _a初版八印 | ||
| 260 |
_a _b九歌出版社 _c1991 |
||
| 300 | _b平 | ||
| 490 | _a九歌文库;97 | ||
| 650 | _a现代别集 | ||
| 942 |
_cBK _o848.2 LQX v.2 |
||
| 999 |
_c3313 _d3303 |
||